| 000 | 01475 a2200217 4500 | ||
|---|---|---|---|
| 001 | 47487 | ||
| 005 | 20260407155742.0 | ||
| 008 | 260407a2004 arg spa d | ||
| 003 | AR-UNSa-BCEJYS | ||
| 040 |
_aAR-UNSa-BCEJYS _bspa _cAR-UNSa-BCEJYS |
||
| 080 |
_a519.21 _xTeoría de probabilidades y procesos estocásticos |
||
| 245 | 1 | 0 | _aModelos para el análisis de las Sierres de Tiempos |
| 020 | _a987-1076-54-1 | ||
| 264 | 1 |
_aBuenos Aires : _bEdiciones Cooperativas _c2004 |
|
| 300 |
_a377 p. _c21 cm. |
||
| 505 | _a1. Introducción - 2. Procesos Escásticos Estacionarios - 3. Modelos Estocásticos Lineales - 4. Correlación Serial - 5. El ajuste de Modelos de Series de Tiempo - 6. Predicción - 7. Ejercicios de la primera parte - 8. El dominio de las frecuencias - 9. Estimación de la densidad espectral - 10. Test en el dominio de las frecuencias - 11. Estimación en las frecuencias - 12. Análisis Espectral Bivariado - 13. Ejercicios de la segunda parte - 14. MC en regresión con ST - 15. Tests de correlación serial - 16. Estimación en regresión con ST - 17. Ejercicios de la tercera parte - 18. La forma de espacio de Estado - 19. El algoritmo de Kalma - 20. Series irregulares I - 21. Series irregulares II - 22. Ejercicios de la cuarta parte - | ||
| 942 | _cBK | ||
| 590 | _aniveau_biblio:m niveau_hierar:0 | ||
| 100 | 1 | _aAbril, Juan Carlos | |
| 856 | 4 | 1 |
_uhttps://www.biblioeco.unsa.edu.ar/pmb/images/libros/L127528.jpg _yImagen de portada _qimage/jpeg |
| 999 |
_c4384 _d4384 |
||